000 00286nam a2200109Ia 4500
008 241014s9999||||xx |||||||||||||| ||und||
020 _a0-19-914065-0
100 _aBeckett, B. S
245 0 _aILLustrated Human and Social Biology
260 _bOxford university press
942 _bSPH
_cBK
999 _c19111
_d19111